مكتبة جامعة عجلون الوطنية

فهرس بحث المكتبة

القواعد القضائية في شرح القانون المدني (دراسة مقارنة) الجزء الخامس : الفعل النافع، القانون مبدأ لأخذ مال الغير بلا سبب قبض غير المستحق الفضالة وقضاء دين الغير والتقادم / (Record no. 33863)

MARC details
000 -LEADER
fixed length control field 00964nam a22002057a 4500
003 - CONTROL NUMBER IDENTIFIER
control field JO-AjAnu
005 - DATE AND TIME OF LATEST TRANSACTION
control field 20250309093939.0
008 - FIXED-LENGTH DATA ELEMENTS--GENERAL INFORMATION
fixed length control field 250304b jo ||||| |||| 00| 0 ara d
040 ## - CATALOGING SOURCE
Original cataloging agency JO-AjAnu
Language of cataloging ara
Transcribing agency JO-AjAnu
Modifying agency JO-AjAnu
Description conventions rda
041 ## - LANGUAGE CODE
Language code of text/sound track or separate title ara
Language code of original ara
050 ## - LIBRARY OF CONGRESS CALL NUMBER
Classification number .KMM49
Item number U82 2019
100 #1 - MAIN ENTRY--PERSONAL NAME
Personal name العتيبي، جهاد صالح
9 (RLIN) 59625
Relator term مؤلف
245 #0 - TITLE STATEMENT
Title القواعد القضائية في شرح القانون المدني (دراسة مقارنة) الجزء الخامس : الفعل النافع، القانون مبدأ لأخذ مال الغير بلا سبب قبض غير المستحق الفضالة وقضاء دين الغير والتقادم /
Statement of responsibility, etc. جهاد صالح العتيبي
250 ## - EDITION STATEMENT
Edition statement الطبعة الأولى
260 ## - PUBLICATION, DISTRIBUTION, ETC.
Place of publication, distribution, etc. عمان :
Name of publisher, distributor, etc. د. ن،
Date of publication, distribution, etc. 2019
300 ## - PHYSICAL DESCRIPTION
Extent 373 صفحة
504 ## - BIBLIOGRAPHY, ETC. NOTE
Bibliography, etc. note يحتوي على مراجع وفهرس
650 #0 - SUBJECT ADDED ENTRY--TOPICAL TERM
Topical term or geographic name entry element القانون المدني الأردني
9 (RLIN) 45947
942 ## - ADDED ENTRY ELEMENTS (KOHA)
Source of classification or shelving scheme Library of Congress Classification
Koha item type Books
Suppress in OPAC No
Holdings
Withdrawn status Lost status Source of classification or shelving scheme Materials specified (bound volume or other part) Damaged status Not for loan Home library Current library Date acquired Total Checkouts Full call number Barcode Date last seen Price effective from Koha item type
    Library of Congress Classification الجزء الخامس     مكتبة جامعة عجلون الوطنية مكتبة جامعة عجلون الوطنية 04/03/2025   KMM49.U82 2019 a30147 04/03/2025 04/03/2025 Books